000 00285nam a2200097Ia 4500
001 647113
005 20250826153656.0
008 250824s9999 xx 000 0 und d
245 0 _aŞİRİN KENDİMİ DURDURAMIYORUM TAM DA ZENGİN OLACAKTIK
_cBİRSEN EKİM ÖZEN
260 _bTİMAŞ ÇOCUK
999 _c647113
_d647113